Fragments and ruins / (Record no. 293538)
[ view plain ]
| 000 -LEADER | |
|---|---|
| fixed length control field | 00532nam a2200205Ia 4500 |
| 008 - FIXED-LENGTH DATA ELEMENTS--GENERAL INFORMATION | |
| fixed length control field | 160418s9999 xx 000 0 und d |
| 020 ## - INTERNATIONAL STANDARD BOOK NUMBER | |
| International Standard Book Number | 971-17-0640-7 |
| 050 ## - LIBRARY OF CONGRESS CALL NUMBER | |
| Classification number | FIL PL 5539.L9 |
| 050 ## - LIBRARY OF CONGRESS CALL NUMBER | |
| Item number | .L63 1989 |
| 100 ## - MAIN ENTRY--PERSONAL NAME | |
| Personal name | Locsin, Teodoro M. |
| 245 ## - TITLE STATEMENT | |
| Title | Fragments and ruins / |
| 245 ## - TITLE STATEMENT | |
| Statement of responsibility, etc | Teodoro M. Locsin. |
| 260 ## - PUBLICATION, DISTRIBUTION, ETC. (IMPRINT) | |
| Place of publication, distribution, etc | Manila : |
| 260 ## - PUBLICATION, DISTRIBUTION, ETC. (IMPRINT) | |
| Name of publisher, distributor, etc | Solar Pub. Corp., |
| 260 ## - PUBLICATION, DISTRIBUTION, ETC. (IMPRINT) | |
| Date of publication, distribution, etc | 1989 |
| 300 ## - PHYSICAL DESCRIPTION | |
| Extent | 169 pages : |
| 300 ## - PHYSICAL DESCRIPTION | |
| Other physical details | illustrations ; |
| 300 ## - PHYSICAL DESCRIPTION | |
| Dimensions | 28 cm. |
| 650 ## - SUBJECT ADDED ENTRY--TOPICAL TERM | |
| Topical term or geographic name as entry element | Philippine poetry (English) -- Collected works. |
| Withdrawn status | Lost status | Damaged status | Home library | Current library | Shelving location | Date acquired | Cost, normal purchase price | Total Checkouts | Full call number | Barcode | Date last seen | Price effective from | Koha item type |
|---|---|---|---|---|---|---|---|---|---|---|---|---|---|
| South Mansfield College | South Mansfield College | Filipiniana Section | 09/13/2005 | 400.00 | FIL PL 5539.L9 .L63 1989 | SMC02825 | 04/18/2016 | 04/18/2016 |